000 00803nam a2200205Ia 4500
003 GCL
008 140319s9999 xx 000 0 ara d
040 _aGCL /
_cGCL
082 0 4 _aق
_b932.096
_bم م
100 1 _aمصطفى العبادى
245 1 0 _aمصر من الاسكندر الاكبر الى الفتح العربى /
_cمصطفى العبادى
260 _aالقاهرة :
_bمكتبة الانجلوالمصرية ،
_c1975
300 _a358 ص ؛
_c24 سم
650 0 4 _aمصر القديمة
650 0 4 _aمصر - تاريخ
650 0 4 _aالامبراطورية البيزنطية - تاريخ
650 0 4 _aمصر القديمة - تاريخ - العصر الرومانى
650 0 4 _aمصر القديمة - تاريخ - العصر اليونانى
942 _2ddc
_cBK
999 _c58759
_d58759